[Event "Mercredi 2023.02.22 ABCD"]
[Site "Montreal CAN"]
[Date "2023.03.07"]
[Round "5"]
[White "Kozlov, Guennadi"]
[Black "Baran, Marius"]
[Result "1/2-1/2"]
[WhiteElo "1691"]
[BlackElo "1758"]
[PlyCount "135"]
[EventDate "2023.02.22"]
[EventType "tourn"]
[EventRounds "5"]
[EventCountry "CAN"]

1. e4 c5 2. c3 g6 3. g3 Bg7 4. Bg2 Nc6 5. Ne2 Nf6 6. d4 cxd4 7. cxd4 d5 8. e5
Ng8 9. Nf4 e6 10. Nc3 Nge7 11. O-O O-O 12. g4 a6 13. Re1 b5 14. b3 Rb8 15. Bb2
Bd7 16. Nce2 Qb6 17. Nd3 b4 18. Nc5 Bc8 19. Rc1 a5 20. Ng3 Rd8 21. h4 Ba6 22.
h5 Rbc8 23. hxg6 hxg6 24. Qd2 Rc7 25. Qe3 Rdc8 26. f4 Nd8 27. Na4 Qa7 28. Rc5
Nb7 29. Rxc7 Rxc7 30. Rc1 Qb8 31. Bf1 Bxf1 32. Nxf1 Qc8 33. Rxc7 Qxc7 34. Qc1
Qxc1 35. Bxc1 Nc6 36. Bb2 Bh6 37. g5 Bf8 38. Kf2 Ne7 39. Ke3 Nf5+ 40. Kd3 Be7
41. Ne3 Nxe3 42. Kxe3 Kf8 43. Bc1 Ke8 44. Nb2 Nd8 45. Nd3 Nc6 46. Ne1 Kd7 47.
Nd3 Bf8 48. Nb2 Ne7 49. Na4 Nf5+ 50. Kd3 Kc6 51. Nb2 Kb5 52. Na4 Be7 53. Bd2
Ng3 54. Bc1 Ne4 55. Bb2 Bd8 56. Ba1 Bb6 57. Bb2 Ba7 58. Ba1 Ng3 59. Ke3 Nf5+
60. Kd3 Ne7 61. Bb2 Nc8 62. Ba1 Bb6 63. Nb2 Bd8 64. Na4 Nb6 65. Nxb6 Bxb6 66.
Bb2 a4 67. Bc1 Ba5 68. Be3 1/2-1/2

[Event "Mercredi 2023.02.22 ABCD"]
[Site "Montreal CAN"]
[Date "2023.03.22"]
[Round "5"]
[White "Latorre, Vincent"]
[Black "Adam, Rafael"]
[Result "1-0"]
[WhiteElo "2274"]
[BlackElo "2189"]
[PlyCount "137"]
[EventDate "2023.02.22"]
[EventType "tourn"]
[EventRounds "5"]
[EventCountry "CAN"]

1. e4 e5 2. Nf3 Nc6 3. Bc4 Bc5 4. c3 Nf6 5. d3 d6 6. Bb3 h6 7. O-O a6 8. Nbd2
O-O 9. h3 Re8 10. Re1 Be6 11. Nf1 Bb6 12. Ng3 d5 13. Qe2 Qd7 14. Bc2 d4 15. Ba4
Qd6 16. Bxc6 bxc6 17. c4 Bc5 18. Rf1 Kh7 19. Nh4 Qd8 20. Bd2 Rb8 21. Rab1 Bf8
22. Nf3 Bd7 23. Nh2 c5 24. f4 exf4 25. Bxf4 Bd6 26. Qd2 Qe7 27. Nf3 Bxf4 28.
Qxf4 Be6 29. Kh1 Nd7 30. Qxc7 Nf8 31. Qxe7 Rxe7 32. b4 Reb7 33. a3 Ng6 34. Ne2
f5 35. exf5 Bxf5 36. Ng5+ hxg5 37. Rxf5 cxb4 38. axb4 Rxb4 39. Rxb4 Rxb4 40. c5
Nf4 41. Nxf4 gxf4 42. c6 Rb1+ 43. Kh2 Rc1 44. Rxf4 Rxc6 45. Rxd4 Kg6 46. Kg3
Kf5 47. Kf3 Ke5 48. Rg4 g6 49. Ke3 Kf5 50. Ra4 Ke5 51. Ra5+ Ke6 52. Ke4 Rb6 53.
g4 Kf6 54. h4 Rd6 55. d4 Ke6 56. d5+ Kf7 57. Rc5 Rb6 58. Ke5 Rb1 59. Rc7+ Ke8
60. Rg7 Re1+ 61. Kd6 Rh1 62. Rxg6 Rxh4 63. Ke6 Kf8 64. d6 Rh1 65. Rf6+ Kg7 66.
Ke7 Rb1 67. d7 Rd1 68. Rxa6 Re1+ 69. Re6 1-0

[Event "Mercredi 2023.02.22 ABCD"]
[Site "Montreal CAN"]
[Date "2023.03.22"]
[Round "5"]
[White "Lima-Barbosa, Raphael"]
[Black "Landry, Sylvain"]
[Result "0-1"]
[WhiteElo "1935"]
[BlackElo "1903"]
[PlyCount "74"]
[EventDate "2023.02.22"]
[EventType "tourn"]
[EventRounds "5"]
[EventCountry "CAN"]

1. d4 d5 2. c4 c6 3. Nc3 Nf6 4. Nf3 dxc4 5. a4 Bf5 6. Ne5 Nbd7 7. Nxc4 Qc7 8.
g3 e5 9. dxe5 Nxe5 10. Bf4 Nfd7 11. Bg2 g5 12. Ne3 gxf4 13. Nxf5 O-O-O 14. Qc2
fxg3 15. hxg3 Kb8 16. a5 a6 17. Rh4 h5 18. Kf1 Ng6 19. Rh3 Nf6 20. Ne4 Ng4 21.
Qc3 Qd7 22. Ne3 Nxe3+ 23. fxe3 Qf5+ 24. Kg1 Qb5 25. Qf6 Bh6 26. Nc3 Bxe3+ 27.
Kh1 Qg5 28. Qxf7 Ne5 29. Qb3 Ng4 30. Bxc6 Rh7 31. Kg2 Nf2 32. Rh4 Rg7 33. Ne4
Nxe4 34. Rh3 Nxg3 35. Kh2 Nf5 36. Rf1 Bf4+ 37. Rxf4 Qg1# 0-1

[Event "Mercredi 2023.02.22 ABCD"]
[Site "Montreal CAN"]
[Date "2023.03.22"]
[Round "5"]
[White "Sekki, Abderaouf"]
[Black "Rauch, Frank"]
[Result "0-1"]
[WhiteElo "1952"]
[BlackElo "1939"]
[PlyCount "68"]
[EventDate "2023.02.22"]
[EventType "tourn"]
[EventRounds "5"]
[EventCountry "CAN"]

1. d4 Nf6 2. c4 g6 3. Nc3 Bg7 4. e4 d6 5. Be2 O-O 6. Be3 e5 7. d5 Nbd7 8. g4
Nc5 9. f3 a5 10. Qd2 Bd7 11. Nh3 h5 12. Nf2 Qe7 13. Bg5 Qe8 14. Bxf6 Bxf6 15.
gxh5 Kh7 16. hxg6+ fxg6 17. O-O-O Bg7 18. Ng4 Bxg4 19. fxg4 Rf4 20. g5 Nxe4 21.
Nxe4 Rxe4 22. h4 Rd4 23. Qe3 Qa4 24. h5 Qxa2 25. hxg6+ Kg8 26. Qh3 Qa1+ 27. Kc2
Qa4+ 28. Kb1 Rf4 29. Qe6+ Kf8 30. Rdf1 Qe8 31. Rxf4+ exf4 32. Rh8+ Bxh8 33. g7+
Bxg7 34. Qf5+ Qf7 0-1

[Event "Mercredi 2023.04.05 ABCD"]
[Site "Montreal CAN"]
[Date "2023.04.05"]
[Round "1"]
[White "Beaudry, Marc-Andre"]
[Black "Singher, Jean-Pierre"]
[Result "1/2-1/2"]
[WhiteElo "2048"]
[BlackElo "2022"]
[PlyCount "56"]
[EventDate "2023.04.05"]
[EventType "tourn"]
[EventRounds "5"]
[EventCountry "CAN"]

1. d4 Nf6 2. c4 e6 3. Nf3 d5 4. g3 Bb4+ 5. Nbd2 a5 6. a3 Be7 7. Bg2 O-O 8. O-O
b6 9. cxd5 exd5 10. Nb1 Bb7 11. Nc3 Nbd7 12. Ne5 Re8 13. Qa4 Nb8 14. Qb3 Nc6
15. Nxc6 Bxc6 16. Bf4 a4 17. Qc2 h6 18. h4 b5 19. Na2 Ra6 20. Bd2 Ba8 21. Rac1
Rc6 22. Qd3 Rc4 23. e3 Bd6 24. Bb4 Qe7 25. Rfe1 c5 26. dxc5 Bxc5 27. Bf1 Bxb4
28. Nxb4 d4 1/2-1/2

[Event "Mercredi 2023.04.05 ABCD"]
[Site "Montreal CAN"]
[Date "2023.04.05"]
[Round "1"]
[White "Boileau, Dominic"]
[Black "Lima-Barbosa, Raphael"]
[Result "0-1"]
[WhiteElo "1766"]
[BlackElo "1929"]
[PlyCount "92"]
[EventDate "2023.04.05"]
[EventType "tourn"]
[EventRounds "5"]
[EventCountry "CAN"]

1. e4 c5 2. b3 Nc6 3. Bb5 Nf6 4. Bxc6 dxc6 5. d3 g6 6. Bb2 Bg7 7. f4 Nh5 8.
Bxg7 Nxg7 9. Nf3 Ne6 10. O-O Nxf4 11. Qd2 Bg4 12. Kh1 Qc7 13. Qc3 O-O-O 14.
Qxc5 b6 15. Qf2 Bxf3 16. Qxf3 e5 17. Nd2 Rhf8 18. Nc4 f6 19. a4 Qe7 20. Rf2 Rf7
21. Raf1 Kb7 22. Qe3 c5 23. Qd2 h5 24. a5 b5 25. a6+ Kc8 26. Na5 Rd6 27. b4
Rxa6 28. bxc5 Qxc5 29. Nb3 Qd6 30. d4 h4 31. Qc3+ Rc7 32. Qf3 g5 33. dxe5 Qxe5
34. Rd2 Rc3 35. Qg4+ Qe6 36. Qd1 h3 37. g3 Qxe4+ 38. Kg1 Rd6 39. Rff2 Nd5 40.
Qa1 Re3 41. Rd1 Re6 42. Nd4 Re1+ 43. Rxe1 Qxe1+ 44. Rf1 Qe3+ 45. Rf2 Qe1+ 46.
Rf1 Qd2 0-1

[Event "Mercredi 2023.04.05 ABCD"]
[Site "Montreal CAN"]
[Date "2023.04.11"]
[Round "1"]
[White "Cardin, Guillaume"]
[Black "Lopez, Lizandro"]
[Result "1-0"]
[WhiteElo "2084"]
[BlackElo "2067"]
[PlyCount "55"]
[EventDate "2023.04.05"]
[EventType "tourn"]
[EventRounds "5"]
[EventCountry "CAN"]

1. d4 d5 2. c4 c6 3. Nc3 Nf6 4. e3 a6 5. Nf3 b5 6. b3 Bg4 7. a4 bxc4 8. bxc4
Nbd7 9. c5 e5 10. h3 Bxf3 11. Qxf3 Be7 12. a5 O-O 13. Qd1 Re8 14. Be2 exd4 15.
exd4 Ne4 16. Nxe4 dxe4 17. O-O Bf6 18. Qa4 Qc7 19. g3 g5 20. Be3 h6 21. Rab1
Bd8 22. Bc4 Nf6 23. d5 Qd7 24. Qxc6 Qxh3 25. Be2 Rc8 26. Qxa6 Bc7 27. d6 Nd5
28. Rb3 1-0

[Event "Mercredi 2023.04.05 ABCD"]
[Site "Montreal CAN"]
[Date "2023.04.05"]
[Round "1"]
[White "Cebria, Gabriel"]
[Black "Allaire, Denis"]
[Result "1-0"]
[WhiteElo "1718"]
[BlackElo "1676"]
[PlyCount "127"]
[EventDate "2023.04.05"]
[EventType "tourn"]
[EventRounds "5"]
[EventCountry "CAN"]

1. e4 e5 2. Nf3 Nc6 3. Bb5 a6 4. Ba4 Nf6 5. d4 Nxe4 6. Qe2 b5 7. Bb3 d5 8. dxe5
Be7 9. h3 O-O 10. O-O Na5 11. Nbd2 Nxd2 12. Bxd2 c5 13. Bxa5 Qxa5 14. Bxd5 Ra7
15. a3 Qa4 16. Rad1 Bf5 17. c3 Re8 18. Rfe1 Qf4 19. e6 f6 20. Bc6 Rd8 21. Rd7
Qb8 22. Nh4 Bg6 23. Nxg6 hxg6 24. Red1 Raxd7 25. exd7 Qe5 26. Qxe5 fxe5 27. Rd5
Kf7 28. Rxe5 b4 29. axb4 cxb4 30. c4 Rb8 31. Kf1 Rb6 32. Ba4 Rd6 33. b3 Kf6 34.
Re3 g5 35. Ke2 Bd8 36. c5 Re6 37. c6 Rxe3+ 38. fxe3 Ke5 39. Kd3 Kd5 40. e4+ Kc5
41. Ke3 Bb6 42. Kf3 Kd6 43. Kg4 Bd8 44. Kf5 Ke7 45. e5 Kf7 46. e6+ Kf8 47. Kg6
g4 48. hxg4 Ke7 49. Kxg7 Kxe6 50. Kf8 Kd6 51. Ke8 Kc7 52. Kf7 Kd6 53. Kg6 Ke6
54. Kh5 Kf7 55. Kh6 Kg8 56. Kg6 Bc7 57. Kf6 Kf8 58. g5 Bd8+ 59. Kg6 Kg8 60. g3
Bc7 61. Kf6 Kf8 62. Ke6 Bd8 63. Kd6 Bb6 64. c7 1-0

[Event "Mercredi 2023.04.05 ABCD"]
[Site "Montreal CAN"]
[Date "2023.04.05"]
[Round "1"]
[White "Chapdelaine, Gwyn"]
[Black "Di Matteo, Alessio"]
[Result "1-0"]
[WhiteElo "1981"]
[BlackElo "1996"]
[PlyCount "100"]
[EventDate "2023.04.05"]
[EventType "tourn"]
[EventRounds "5"]
[EventCountry "CAN"]

1. d4 Nf6 2. c4 e6 3. g3 Bb4+ 4. Nd2 d5 5. Bg2 O-O 6. a3 Bxd2+ 7. Bxd2 dxc4 8.
e3 c6 9. Qc2 b5 10. Ne2 Bb7 11. O-O a6 12. Rfd1 Nbd7 13. e4 Qb6 14. e5 Nd5 15.
Qe4 c5 16. Bg5 cxd4 17. Nxd4 Nc5 18. Qh4 f5 19. Be7 Nxe7 20. Qxe7 Bxg2 21. Kxg2
Rfe8 22. Qd6 Qxd6 23. exd6 Nd3 24. Nc6 e5 25. d7 Red8 26. Nxd8 Rxd8 27. b3 Rxd7
28. bxc4 bxc4 29. Rac1 Rd4 30. Rc3 e4 31. Rb1 h6 32. Rb8+ Kh7 33. Rc8 Ne5 34.
Rc5 Rd3 35. Rc1 Nf3 36. R1xc4 Rxa3 37. Rxf5 Ne1+ 38. Kh3 e3 39. fxe3 Rxe3 40.
Rc1 Nf3 41. Kg2 Ng5 42. Ra1 Re2+ 43. Rf2 Re3 44. Rxa6 Re7 45. h4 Nf7 46. Rfa2
Nh8 47. Ra7 Re6 48. h5 Re5 49. g4 Re6 50. Rd7 Re5 {illisible} 1-0

[Event "Mercredi 2023.04.05 ABCD"]
[Site "Montreal CAN"]
[Date "2023.04.05"]
[Round "1"]
[White "Deboosere, Adam"]
[Black "Beaulieu, Pierre"]
[Result "1/2-1/2"]
[WhiteElo "1884"]
[BlackElo "1850"]
[PlyCount "100"]
[EventDate "2023.04.05"]
[EventType "tourn"]
[EventRounds "5"]
[EventCountry "CAN"]

1. d4 Nf6 2. Nf3 e6 3. e3 d5 4. Bd3 c5 5. O-O Nc6 6. Nbd2 c4 7. Be2 Bb4 8. b3
c3 9. Nb1 Bd7 10. Ba3 Bxa3 11. Nxa3 Rc8 12. Bb5 Nb4 13. Bxd7+ Nxd7 14. Ne5 Nxe5
15. dxe5 Qa5 16. Qc1 O-O 17. e4 Rfe8 18. exd5 exd5 19. f4 a6 20. Rf3 f6 21. h3
fxe5 22. fxe5 Rxe5 23. Qf4 Qc5+ 24. Kh1 Qe7 25. Raf1 Re8 26. Rxc3 Re1 27. Rcf3
Rxf1+ 28. Rxf1 Rf8 29. Qc1 Rxf1+ 30. Qxf1 Nxa2 31. Nb1 Qe3 32. Kh2 Qe5+ 33. Kh1
Nb4 34. Qd1 d4 35. Nd2 Qf5 36. Qe2 h6 37. Qc4+ Nd5 38. Qxd4 Nf6 39. Qc4+ Kh7
40. Nf3 Qd5 41. Qc7 Ne4 42. Kh2 b5 43. Ne5 Nd6 44. Nd3 Ne4 45. Qf4 Qd6 46. Ne5
Nf6 47. Qf5+ Kg8 48. Kh1 Qd1+ 49. Kh2 Qd6 50. Kh1 Qd1+ 1/2-1/2

[Event "Mercredi 2023.04.05 ABCD"]
[Site "Montreal CAN"]
[Date "2023.04.05"]
[Round "1"]
[White "Gauthier, Luc"]
[Black "Giard, Antoine"]
[Result "0-1"]
[WhiteElo "1685"]
[BlackElo "1666"]
[PlyCount "74"]
[EventDate "2023.04.05"]
[EventType "tourn"]
[EventRounds "5"]
[EventCountry "CAN"]

1. e4 Nf6 2. e5 Nd5 3. c4 Nb6 4. c5 Nd5 5. Nc3 e6 6. Bc4 Nxc3 7. dxc3 Bxc5 8.
Qg4 Rg8 9. Bg5 Be7 10. Nf3 Nc6 11. Bxe7 Qxe7 12. Bd3 g6 13. Qg3 d6 14. Bb5 Bd7
15. Bxc6 Bxc6 16. Nd4 Bd5 17. O-O-O dxe5 18. Qxe5 O-O-O 19. Rhe1 Qd6 20. Qe3
Qa6 21. a3 Kb8 22. Nf3 Bxf3 23. Qxf3 f5 24. Rxd8+ Rxd8 25. Qe3 Rd6 26. Kc2 b6
27. f4 Qa4+ 28. Kc1 Qc6 29. g3 Qg2 30. h4 Qd5 31. Kc2 Kc8 32. Qe2 Kd7 33. Qe3
c5 34. b3 c4 35. b4 Qc6 36. Ra1 Qa4+ 37. Kc1 Rd1+ 0-1

[Event "Mercredi 2023.04.05 ABCD"]
[Site "Montreal CAN"]
[Date "2023.04.05"]
[Round "1"]
[White "Genzling, Jerome"]
[Black "Batorshyn, Ilia		"]
[Result "1/2-1/2"]
[WhiteElo "2147"]
[BlackElo "2173"]
[PlyCount "144"]
[EventDate "2023.04.05"]
[EventType "tourn"]
[EventRounds "5"]
[EventCountry "CAN"]

1. e4 c6 2. Nf3 d5 3. Nc3 Bg4 4. h3 Bxf3 5. Qxf3 e6 6. Be2 Nd7 7. d4 dxe4 8.
Nxe4 Ngf6 9. O-O Nxe4 10. Qxe4 Nf6 11. Qd3 Be7 12. Bf4 O-O 13. c3 Nd5 14. Bg3
Bd6 15. Rad1 Bxg3 16. Qxg3 Qc7 17. f4 Rfd8 18. Rf3 c5 19. Kh2 cxd4 20. Rxd4 Ne7
21. Rxd8+ Rxd8 22. Bd3 g6 23. h4 Qa5 24. Qg5 Qxg5 25. hxg5 Nc6 26. b4 Kg7 27.
Be4 Rd6 28. Rd3 Rxd3 29. Bxd3 Kf8 30. Be4 Nd8 31. Kg3 Ke7 32. Kf3 Kd6 33. c4 b6
34. Ke3 e5 35. Bd5 exf4+ 36. Kxf4 b5 37. Ke4 bxc4 38. Bxc4 Nc6 39. a3 Ke7 40.
Bd5 Nb8 41. b5 Nd7 42. Kf4 f6 43. a4 Nb6 44. Bb3 Nd7 45. a5 Kd6 46. Bg8 Kc5 47.
b6 fxg5+ 48. Kxg5 axb6 49. axb6 Kxb6 50. Bxh7 Kc5 51. Bxg6 Kd6 52. Bf5 Ne5 53.
Kf6 Kd5 54. Ke7 Nc6+ 55. Kf6 Ne5 56. g3 Kd6 57. Be6 Nd3 58. Bf5 Ne5 59. Be4
Ng4+ 60. Kg5 Ne5 61. Kf5 Nf7 62. Bc2 Ke7 63. Bb3 Nd6+ 64. Ke5 Ne8 65. g4 Kf8
66. Ba4 Nc7 67. Bc6 Kg7 68. Kd6 Na6 69. Be4 Kf6 70. Kc6 Kg5 71. Bf5 Nb4+ 72.
Kc5 Nd3+ 1/2-1/2

[Event "Mercredi 2023.04.05 ABCD"]
[Site "Montreal CAN"]
[Date "2023.04.05"]
[Round "1"]
[White "Kozlov, Guennadi"]
[Black "Lisee, Pierre"]
[Result "0-1"]
[WhiteElo "1699"]
[BlackElo "1710"]
[PlyCount "116"]
[EventDate "2023.04.05"]
[EventType "tourn"]
[EventRounds "5"]
[EventCountry "CAN"]

1. e4 e5 2. f4 exf4 3. Nf3 d6 4. Bc4 h6 5. h4 Nc6 6. d3 Nf6 7. Bxf4 Be7 8. Nc3
Bg4 9. Qd2 Bxf3 10. gxf3 Nd4 11. Qf2 Ne6 12. Be3 Qd7 13. O-O-O a6 14. Qg2 O-O-O
15. d4 c6 16. d5 cxd5 17. Bxd5 Kb8 18. Bb3 Qc7 19. Qf2 Nc5 20. Bd5 Rc8 21. Rd4
Rhf8 22. Qd2 Nfd7 23. Rb4 Ka8 24. Bd4 Bf6 25. Bxf6 Nxf6 26. Rg1 Rg8 27. Rc4 Qe7
28. Rb4 Rc7 29. Qd4 Qe5 30. Qe3 Qh2 31. Rb6 Nfd7 32. Rb4 Ne5 33. Rd1 Qg3 34.
Rb6 Qxf3 35. Qxf3 Nxf3 36. Rxd6 Nxh4 37. Rf1 Rf8 38. Rg1 f6 39. Ne2 Nf3 40. Rg3
Ne5 41. Rb6 Ka7 42. Rd6 g5 43. Kd2 h5 44. b4 Na4 45. Nd4 h4 46. Ra3 Nb6 47. Ne6
Nbc4+ 48. Kc1 Nxa3 49. Nxf8 Rxc2+ 50. Kd1 h3 51. Rxf6 h2 52. Rh6 g4 53. Rh7 Kb8
54. Rxb7+ Kc8 55. Rh7 g3 56. Bb7+ Kb8 57. Bxa6 g2 58. Rb7+ Ka8 0-1

[Event "Mercredi 2023.04.05 ABCD"]
[Site "Montreal CAN"]
[Date "2023.04.05"]
[Round "1"]
[White "Nardone, Raul"]
[Black "Gadbois, Patrick"]
[Result "1/2-1/2"]
[WhiteElo "1797"]
[BlackElo "1895"]
[PlyCount "55"]
[EventDate "2023.04.05"]
[EventType "tourn"]
[EventRounds "5"]
[EventCountry "CAN"]

1. d4 e6 2. e4 d5 3. Nd2 Nf6 4. e5 Nfd7 5. Ngf3 c5 6. c3 Nc6 7. Bb5 Qb6 8. Bxc6
bxc6 9. O-O cxd4 10. cxd4 Ba6 11. Re1 Be7 12. Nb3 h6 13. Bd2 Bc4 14. Na5 Ba6
15. Re3 c5 16. dxc5 Nxc5 17. Rc1 Rc8 18. b4 Nd7 19. Rxc8+ Bxc8 20. Rc3 O-O 21.
Nc6 Bd8 22. Be3 Qa6 23. b5 Qb7 24. Nxa7 Bb6 25. Nxc8 Rxc8 26. Rxc8+ Qxc8 27.
Bxb6 Nxb6 28. h3 1/2-1/2

[Event "Mercredi 2023.04.05 ABCD"]
[Site "Montreal CAN"]
[Date "2023.04.05"]
[Round "1"]
[White "Voskanyan, Vahagn"]
[Black "Latorre, Vincent"]
[Result "1-0"]
[WhiteElo "2127"]
[BlackElo "2244"]
[PlyCount "185"]
[EventDate "2023.04.05"]
[EventType "tourn"]
[EventRounds "5"]
[EventCountry "CAN"]

1. c4 Nf6 2. Nc3 g6 3. g3 Bg7 4. Bg2 O-O 5. d4 d6 6. Nf3 Nbd7 7. O-O e5 8. h3
a5 9. Be3 c6 10. dxe5 Nxe5 11. Nxe5 dxe5 12. Qb3 Qc7 13. Bb6 Qb8 14. Na4 Re8
15. Rfd1 h5 16. Rd2 Bf8 17. Rad1 Be7 18. Bd8 Bxd8 19. Rxd8 Qc7 20. Qb6 Qe7 21.
Rxe8+ Nxe8 22. Nc5 Nd6 23. b3 e4 24. Na4 Bf5 25. Qc5 Rd8 26. Qxa5 Re8 27. Qc5
Rd8 28. e3 Kh7 29. Qd4 b5 30. cxb5 Nb7 31. Qa1 Rxd1+ 32. Qxd1 cxb5 33. Nc3 Nd6
34. Qd4 Qe6 35. Nd5 Ne8 36. Kh2 f6 37. Qc5 Nd6 38. b4 h4 39. Qd4 hxg3+ 40. fxg3
Ne8 41. g4 Qd6+ 42. Kg1 Bc8 43. Qxe4 Be6 44. Nf4 Bf7 45. Qb7 Nc7 46. a3 Kg7 47.
Qc6 Qe5 48. Qc5 Qa1+ 49. Kh2 Ne8 50. Qxb5 Qxa3 51. Qc5 Qa1 52. Qd4 Qa6 53. Qc5
Nd6 54. Qc3 Nc4 55. g5 Ne5 56. gxf6+ Qxf6 57. Qd4 Kh7 58. b5 g5 59. Qe4+ Kg8
60. Nd3 Nc4 61. Qd4 Qe6 62. Qd8+ Kh7 63. Qxg5 Nxe3 64. Qe5 Nxg2 65. Kxg2 Qg6+
66. Qg3 Qe4+ 67. Kh2 Qe2+ 68. Qf2 Qxd3 69. Qxf7+ Kh8 70. Qh5+ Kg8 71. Qe5 Qc2+
72. Kg3 Qd3+ 73. Kg4 Qd1+ 74. Kg5 Qd8+ 75. Kh5 Qd1+ 76. Kh6 Kf8 77. Qf4+ Ke8
78. b6 Qd5 79. Qc7 Qd2+ 80. Kg6 Qg2+ 81. Kf6 Qf1+ 82. Ke5 Qb5+ 83. Kd6 Qb4+ 84.
Kd5 Qb5+ 85. Qc5 Qd3+ 86. Qd4 Qxh3 87. Qe5+ Kd8 88. Qd6+ Ke8 89. Qe6+ Qxe6+ 90.
Kxe6 Kd8 91. Kd6 Kc8 92. Kc6 Kb8 93. b7 1-0

[Event "Mercredi 2023.04.05 ABCD"]
[Site "Montreal CAN"]
[Date "2023.04.12"]
[Round "2"]
[White "Allaire, Denis"]
[Black "Gauthier, Luc"]
[Result "1-0"]
[WhiteElo "1676"]
[BlackElo "1685"]
[PlyCount "53"]
[EventDate "2023.04.05"]
[EventType "tourn"]
[EventRounds "5"]
[EventCountry "CAN"]

1. e4 Nf6 2. e5 Nd5 3. c4 Nb6 4. d4 d6 5. f4 dxe5 6. fxe5 Nc6 7. Be3 Bf5 8. Nc3
e6 9. Nf3 Be7 10. Be2 O-O 11. O-O f6 12. exf6 Bxf6 13. Qd2 Qe7 14. Rad1 Rad8
15. Qc1 a6 16. h3 Bg6 17. b3 Rd7 18. d5 exd5 19. cxd5 Nb4 20. d6 Rxd6 21. Bc5
Rxd1 22. Nxd1 Qxe2 23. Bxb4 Rf7 24. Re1 Qb5 25. Bc5 Nd5 26. Qc4 Qd7 27. Qxd5
1-0

[Event "Mercredi 2023.04.05 ABCD"]
[Site "Montreal CAN"]
[Date "2023.04.12"]
[Round "2"]
[White "Cardin, Guillaume"]
[Black "Beaudry, Marc-Andre"]
[Result "1-0"]
[WhiteElo "2084"]
[BlackElo "2048"]
[PlyCount "56"]
[EventDate "2023.04.05"]
[EventType "tourn"]
[EventRounds "5"]
[EventCountry "CAN"]

1. d4 d5 2. c4 c6 3. Nc3 Nf6 4. e3 e6 5. Nf3 Nbd7 6. Be2 b6 7. O-O Bb7 8. b3
Bd6 9. Bb2 O-O 10. Bd3 c5 11. cxd5 Nxd5 12. Nxd5 Bxd5 13. e4 Bb7 14. d5 exd5
15. exd5 Be7 16. Qc2 h6 17. Rad1 Bf6 18. Bxf6 Nxf6 19. Rfe1 Qd6 20. Nh4 Rfe8
21. Nf5 Qd7 22. d6 Rxe1+ 23. Rxe1 Re8 24. Rd1 Kf8 25. Qc3 Qe6 26. h3 g6 27. d7
Rd8 28. Re1 gxf5 1-0

[Event "Mercredi 2023.04.05 ABCD"]
[Site "Montreal CAN"]
[Date "2023.04.12"]
[Round "2"]
[White "Gadbois, Patrick"]
[Black "Beaulieu, Pierre"]
[Result "0-1"]
[WhiteElo "1895"]
[BlackElo "1850"]
[PlyCount "150"]
[EventDate "2023.04.05"]
[EventType "tourn"]
[EventRounds "5"]
[EventCountry "CAN"]

1. d4 d5 2. Nf3 Nf6 3. e3 e6 4. Bd3 c5 5. c3 Nc6 6. Nbd2 Qc7 7. O-O Be7 8. dxc5
Bxc5 9. b4 Bd6 10. Bb2 Bd7 11. a3 a6 12. c4 Ne5 13. Nxe5 Bxe5 14. Bxe5 Qxe5 15.
Nf3 Qh5 16. cxd5 Nxd5 17. Rc1 O-O 18. Be4 Rfc8 19. Qd4 Bb5 20. Rfe1 Rd8 21.
Bxd5 Qxd5 22. Rc7 Rd7 23. Qxd5 exd5 24. Rec1 Rxc7 25. Rxc7 Rb8 26. Nd4 Bd3 27.
f3 g6 28. Kf2 h5 29. Nb3 b6 30. Nd4 a5 31. Nc6 Ra8 32. Rc8+ Rxc8 33. Ne7+ Kf8
34. Nxc8 axb4 35. axb4 b5 36. Nb6 Bc4 37. Nd7+ Ke7 38. Nc5 Kd6 39. Ke1 d4 40.
Kd2 dxe3+ 41. Kxe3 Bf1 42. g3 Kd5 43. Ne4 Bh3 44. Nd2 Be6 45. h4 Ke5 46. Ne4
Bd5 47. f4+ Kf5 48. Nd6+ Kg4 49. Kf2 Bc6 50. Nxf7 Kf5 51. Ne5 Be8 52. Ke3 Ke6
53. Kd4 Kd6 54. g4 hxg4 55. Nxg4 Bd7 56. Ne5 Bf5 57. Nf7+ Ke6 58. Ng5+ Kd6 59.
Nf3 Bb1 60. Nd2 Bf5 61. Nb3 Bd7 62. Nc5 Bc6 63. Nd3 Bd7 64. Nc1 Bf5 65. Ne2 Be6
66. Ng3 Bg4 67. Ne4+ Ke6 68. Ke3 Bh3 69. Nc3 Bf1 70. Kf3 Kf5 71. Kg3 Bc4 72.
Kf3 Bf1 73. Nd1 Bd3 74. Ne3+ Kf6 75. Nf1 Bxf1 0-1

[Event "Mercredi 2023.04.05 ABCD"]
[Site "Montreal CAN"]
[Date "2023.04.12"]
[Round "2"]
[White "Kozlov, Guennadi"]
[Black "Cebria, Gabriel"]
[Result "1/2-1/2"]
[WhiteElo "1699"]
[BlackElo "1718"]
[PlyCount "105"]
[EventDate "2023.04.05"]
[EventType "tourn"]
[EventRounds "5"]
[EventCountry "CAN"]

1. e4 d6 2. d4 Nf6 3. Nc3 g6 4. Be3 c6 5. Qd2 b5 6. Bd3 Nbd7 7. Nf3 Bg7 8. Bh6
Bxh6 9. Qxh6 Qa5 10. O-O b4 11. Ne2 Bb7 12. Ng3 O-O-O 13. a3 b3 14. cxb3 e5 15.
b4 Qb6 16. Qd2 exd4 17. a4 Ne5 18. a5 Nxf3+ 19. gxf3 Qc7 20. b5 c5 21. b4 Kb8
22. Rfc1 h5 23. Ne2 Rhe8 24. Nxd4 Re5 25. Nc6+ Bxc6 26. bxc6 Qxc6 27. b5 Qb7
28. Rcb1 d5 29. Qf4 Qe7 30. b6 c4 31. bxa7+ Kxa7 32. Bxc4 dxc4 33. Qe3+ Qc5 34.
Qc3 Rd3 35. Qb2 Rb3 36. Qd2 Rxf3 37. a6 Rb3 38. Qd8 Qb6 39. Rd1 Qxd8 40. Rxd8
Rxe4 41. Rd6 Re6 42. Rd4 Rxa6 43. Rxa6+ Kxa6 44. Rxc4 Kb6 45. Rf4 Ng4 46. Rxf7
Kc5 47. Kg2 Kd5 48. h3 Ne5 49. Rf6 g5 50. Rf5 g4 51. Rxh5 gxh3+ 52. Rxh3 Rxh3
53. Kxh3 1/2-1/2

[Event "Mercredi 2023.04.05 ABCD"]
[Site "Montreal CAN"]
[Date "2023.04.12"]
[Round "2"]
[White "Latorre, Vincent"]
[Black "Tremblay, Alain"]
[Result "1-0"]
[WhiteElo "2244"]
[BlackElo "2103"]
[PlyCount "53"]
[EventDate "2023.04.05"]
[EventType "tourn"]
[EventRounds "5"]
[EventCountry "CAN"]

1. e4 c6 2. Nf3 d5 3. d3 dxe4 4. dxe4 Qxd1+ 5. Kxd1 Bg4 6. Be2 Nd7 7. Ne1 Bxe2+
8. Kxe2 Ngf6 9. f3 e5 10. Nd3 Bd6 11. Be3 O-O 12. Nd2 Rfe8 13. a4 a5 14. Rhc1
Bc7 15. Ra3 h6 16. g3 b6 17. Rc3 c5 18. Nc4 Nb8 19. Rb3 Nfd7 20. c3 Nc6 21. Ne1
Kf8 22. Rd1 Rad8 23. Nc2 Ke7 24. Bf2 g6 25. N2e3 Nf6 26. Nd5+ Nxd5 27. exd5 1-0

[Event "Mercredi 2023.04.05 ABCD"]
[Site "Montreal CAN"]
[Date "2023.04.12"]
[Round "2"]
[White "Lima-Barbosa, Raphael"]
[Black "Deboosere, Adam"]
[Result "0-1"]
[WhiteElo "1929"]
[BlackElo "1884"]
[PlyCount "88"]
[EventDate "2023.04.05"]
[EventType "tourn"]
[EventRounds "5"]
[EventCountry "CAN"]

1. d4 Nf6 2. c4 e6 3. Nc3 Bb4 4. e3 b6 5. Nge2 Bb7 6. a3 Bxc3+ 7. Nxc3 Ne4 8.
Qg4 O-O 9. f3 f5 10. Qh3 Nxc3 11. bxc3 Nc6 12. Bd3 Na5 13. g4 Nb3 14. Rb1 Nxc1
15. Rxc1 Qg5 16. Ke2 g6 17. gxf5 exf5 18. Rhg1 Qf6 19. Qh6 Rae8 20. h4 Re6 21.
h5 Qh4 22. Qg5 Qxg5 23. Rxg5 Rfe8 24. hxg6 Rxe3+ 25. Kd2 h6 26. Rxf5 Bxf3 27.
Rf1 Rxd3+ 28. Kxd3 Be4+ 29. Kd2 Bxf5 30. Rxf5 Re7 31. c5 Kg7 32. cxb6 axb6 33.
a4 Kxg6 34. Rf8 h5 35. Rg8+ Rg7 36. Re8 h4 37. Re3 Rh7 38. Rh3 Kg5 39. Ke2 Rf7
40. Rh1 Kg4 41. Rg1+ Kh5 42. Rh1 Rf5 43. Rg1 h3 44. Rg7 Kh4 0-1

[Event "Mercredi 2023.04.05 ABCD"]
[Site "Montreal CAN"]
[Date "2023.04.12"]
[Round "2"]
[White "Lisee, Pierre"]
[Black "Giard, Antoine"]
[Result "1-0"]
[WhiteElo "1710"]
[BlackElo "1666"]
[PlyCount "95"]
[EventDate "2023.04.05"]
[EventType "tourn"]
[EventRounds "5"]
[EventCountry "CAN"]

1. e4 Nf6 2. e5 Nd5 3. d4 d6 4. Nf3 dxe5 5. Nxe5 g6 6. Bc4 c6 7. Nc3 Be6 8. Qf3
Bg7 9. Nxd5 Bxd5 10. Bxd5 Qxd5 11. c4 Qxf3 12. Nxf3 O-O 13. Be3 c5 14. O-O-O
cxd4 15. Nxd4 Rc8 16. b3 a6 17. Kb1 e5 18. Nf3 Nc6 19. Rd7 b5 20. c5 Nd4 21. b4
a5 22. Nxd4 exd4 23. Bxd4 axb4 24. Rc1 Ra6 25. Bxg7 Kxg7 26. Rd6 Rxd6 27. cxd6
Rxc1+ 28. Kxc1 Kf6 29. d7 Ke7 30. d8=Q+ Kxd8 31. Kb2 Kc7 32. Kb3 Kc6 33. Kxb4
f5 34. h4 h5 35. f4 Kb6 36. g3 Kc6 37. Kc3 Kc5 38. a3 Kb6 39. Kd4 Ka5 40. Kc5
Ka4 41. Kb6 b4 42. axb4 Kxb4 43. Kc6 Kc4 44. Kd6 Kd4 45. Ke6 Ke4 46. Kf6 Kf3
47. Kxg6 Kxg3 48. Kg5 1-0